Library information science

محفوظ في:
التفاصيل البيبلوغرافية
المؤلف الرئيسي: Sharma, S. K.
التنسيق: كتاب
اللغة:Undetermined
منشور في: Darya Ganj, New Delhi Shree 2003
الموضوعات:
الوسوم: إضافة وسم
لا توجد وسوم, كن أول من يضع وسما على هذه التسجيلة!
Thư viện lưu trữ: Trung tâm Học liệu Trường Đại học Cần Thơ
LEADER 00506nam a2200193Ia 4500
001 CTU_124783
008 210402s9999 xx 000 0 und d
020 |c 39.00 
082 |a 020 
082 |b S531 
100 |a Sharma, S. K. 
245 0 |a Library information science 
245 0 |c S. K. Sharma 
260 |a Darya Ganj, New Delhi 
260 |b Shree 
260 |c 2003 
650 |a Library science,Information sciencce 
904 |i Minh 
980 |a Trung tâm Học liệu Trường Đại học Cần Thơ